000 00467nam a2200193Ia 4500
008 210210b1920 xxu||||| |||| 00| 0 eng d
041 _aeng
082 _a825/19
100 _aARCHBALD (Ed)
245 _aRomantic movements in English literature
260 _aBombay
_bLongmans Green & Co
_c1920
650 _aRomantic
650 _amovements
650 _aliterature
650 _ain
650 _aEnglish
690 _aEnglish Criticism
906 _a014337
999 _c133496
_d133496